000 00762nam a2200229Ii 4500
003 JO-AjNU
008 230605s9999||||xx |||||||||||||| ||und||
017 _a1991/10053
020 _a977-00-2542-9
040 _aJO-AjNU
_bara
_erda
_cJO-AjNU
041 _aara
050 1 4 _aTA439.J3534 2005
100 3 _aجمعة، حسين محمد,
_eauthor
_936041
245 0 0 _aالجداوال الفنية للخرسانة والتشطيبات
250 _aط1
264 3 1 _aعمان:مكتب الدراسات الهندسية، 2005
300 _a315ص
336 _atext
_btxt
_2rdacontent
337 _aunmediated
_bn
_2rdamedia
338 _avolume
_bnc
_2rdacarrier
650 4 _aالهندسة المعمارية -البناء والتشطيبات
_936042
999 _aA14938
_c18506
_d18506